MARC details
| 000 -LEADER |
| fixed length control field |
01879nam a2200277 4500 |
| 008 - FIXED-LENGTH DATA ELEMENTS--GENERAL INFORMATION |
| fixed length control field |
s2004 fr fre u |
| 020 ## - INTERNATIONAL STANDARD BOOK NUMBER |
| International Standard Book Number |
2047293537 |
| 020 ## - INTERNATIONAL STANDARD BOOK NUMBER |
| International Standard Book Number |
9782047293539 |
| 040 ## - CATALOGING SOURCE |
| Original cataloging agency |
LB-BrCRDP |
| 082 1# - DEWEY DECIMAL CLASSIFICATION NUMBER |
| Classification number |
370.72 |
| Item number |
ROL |
| 100 1# - MAIN ENTRY--PERSONAL NAME |
| Personal name |
Rolland, Marie-Claire |
| 245 10 - TITLE STATEMENT |
| Title |
Dictionnaire de pédagogie |
| Statement of responsibility, etc. |
Marie-Claire Rolland, Louis Arenilla, Marie-Pierre Roussel, Bernard Gossot |
| 260 ## - PUBLICATION, DISTRIBUTION, ETC. |
| Place of publication, distribution, etc. |
Paris |
| Name of publisher, distributor, etc. |
Bordas |
| Date of publication, distribution, etc. |
2004 |
| 300 ## - PHYSICAL DESCRIPTION |
| Extent |
288 p. |
| Dimensions |
25 cm |
| 490 0# - SERIES STATEMENT |
| Series statement |
Pédagogies |
| 500 ## - GENERAL NOTE |
| General note |
Liste des sigles, index. |
| 520 ## - SUMMARY, ETC. |
| Summary, etc. |
Cette nouvelle édition du Dictionnaire de Pédagogie rassemble les concepts les plus importants de la pédagogie et de son histoire, et présente les courants de pensée de pédagogues dont l'influence demeure aujourd'hui. Certains concepts ont été actualisés au regard de leur évolution et de celle des institutions (échec scolaire, évaluation, illettrisme, intégration, informatique, polyvalence, restaurant scolaire, segpa, temps scolaire, université d'été...). Des concepts nouveaux ont été intégrés, à la lumière des travaux de recherche en sociologie et en sciences de l'éducation, des débats actuels et des textes officiels (aide-éducateur, autisme, citoyenneté, laïcité, langues et cultures, langues étrangères, réseaux d'éducation prioritaire, techniques d'information et de communication, violence...). Cet ouvrage qui regroupe plus de deux cents articles s'adresse particulièrement aux étudiants en formation et aux enseignants, mais il peut tout aussi bien éclairer les parents et tous ceux que préoccupent les questions d'éducation. |
| 650 4# - SUBJECT ADDED ENTRY--TOPICAL TERM |
| Topical term or geographic name entry element |
Pédagogie |
| 650 4# - SUBJECT ADDED ENTRY--TOPICAL TERM |
| Topical term or geographic name entry element |
Education |
| 650 4# - SUBJECT ADDED ENTRY--TOPICAL TERM |
| Topical term or geographic name entry element |
Formation des enseignants |
| 700 1# - ADDED ENTRY--PERSONAL NAME |
| Personal name |
Arenilla, Louis |
| 700 1# - ADDED ENTRY--PERSONAL NAME |
| Personal name |
Roussel, Marie-Pierre |
| 700 1# - ADDED ENTRY--PERSONAL NAME |
| Personal name |
Gossot, Bernard |
| 942 ## - ADDED ENTRY ELEMENTS (KOHA) |
| Koha item type |
Books |